000 00212nam a22000857a 4500
008 170210b xxu||||| |||| 00| 0 eng d
100 _92855
_aAggrwall.M.L
245 _aMathematics X T I
260 _aNew Delhi
_bNAI
_c2012
999 _c6076
_d6076